000 00301nam a22001337a 4500
008 170203b xxu||||| |||| 00| 0 eng d
020 _a0668045817
041 _aeng
080 _a61
100 _a3
101 _aSHM
245 _aHOMEOPATHY/ MEDICINE OF THE NEW MAN
_cVITHOULKAS, G
942 _2udc
_cBK
999 _c4509
_d4509